Návrh riešenia na zefektívnenie procesu obstarávania zásob v Ozbrojených silách Slovenskej republiky

Salvato in:
Dettagli Bibliografici
Autore principale: Vystavil, Štefan (Autore)
Altri autori: Hrablik, Martin (Relatore della tesi)
Natura: Manoscritto Libro
Lingua:slovacco
Pubblicazione: 2017
Soggetti:
Accesso online:http://is.stuba.sk/zp/portal_zp.pl?podrobnosti=126768
Tags: Aggiungi Tag
Nessun Tag, puoi essere il primo ad aggiungerne!!

MARC

LEADER 00000ntm a22000003a 4500
001 stuzp60250
003 SK-STU
005 20170603210233.5
007 ta
008 150427s2015----xo-----f-mn---000-0-slo-d
040 |a STU  |b slo 
041 0 |a slo 
100 1 |a Vystavil, Štefan  |u 064000  |k Z4  |4 aut  |U MTF Materiálovotechnologická fakulta  |T MTF Ústav priemyselného inžinierstva a manažmentu  |X 59701  |U M4000  |Y 84  |7 A000059701 
242 0 1 |a Proposal of solutions to streamline the procurement process of stocks in the Armed Forces of the Slovak Republic  |y eng 
245 1 0 |a Návrh riešenia na zefektívnenie procesu obstarávania zásob v Ozbrojených silách Slovenskej republiky 
260 |c 2017 
650 4 |a plánovanie  |2 slo 
650 4 |a zásoby  |2 slo 
650 4 |a obstarávanie  |2 slo 
650 4 |a planning  |2 eng 
650 4 |a procurement  |2 eng 
650 4 |a stocks  |2 eng 
700 1 |a Hrablik, Martin  |4 ths  |X 54007  |7 A000054007 
856 4 |u http://is.stuba.sk/zp/portal_zp.pl?podrobnosti=126768 
996 |c M* DP-13303  |l MMSKP  |s P  |a 0  |w stuzp60250_0001